000 00796nam a2200241 i 4500
001 25756
003 ES-MaACL
005 20250805063229.0
007 t|
008 030102s1933 fr ||||1| fre d
080 _a111(02)"-03"
100 0 _aAristóteles
_922861
245 1 0 _aMétaphysique /
_cAristóteles ; traduction nouvelle et notes par J. Tricot ; préface de A. Diés.
260 _aParís :
_bLib. Philosophique J. Vrin,
_c1933 (
_fLiége G. Thone)
300 _a2 v. ;
_c19 cm.
490 1 _aBibliothèque des textes philosophiques
650 7 _aMetafísica
_2embne
_915012
700 1 _aTricot, J.
_9111394
700 1 _aDiés, A.
_944611
830 0 _aBibliothèque des textes philosophiques
_9182654
852 _aES-MaACL
_jB-7380-81
999 _c25756
_d25756